[Event "DEM U14w 2025"]
[Site "Willingen GER"]
[Date "2025.06.10"]
[Round "4"]
[White "Averkova, Mariia"]
[Black "Rafikova, Ailin"]
[Result "0-1"]
[Termination "normal"]
[Board "8"]
[WhiteElo "1759"]
[BlackElo "1773"]
[WhiteClock "00:51:38"]
[BlackClock "00:25:38"]
[PlyCount "108"]
[WhiteFideId "34651470"]
[BlackFideId "34612173"]
[EventCountry "GER"]
[EventRounds "9"]
[EventType "swiss"]
[EventDate "2025.06.07"]

1. d4 {[%clk 01:30:58]} {[%emt 00:00:02]} d5 {[%clk 01:30:56]} {[%emt
00:00:04]} 2. Nf3 {[%clk 01:31:23]} {[%emt 00:00:05]} Nf6 {[%clk 01:31:21]}
{[%emt 00:00:05]} 3. e3 {[%clk 01:31:47]} {[%emt 00:00:07]} Bf5 {[%clk
01:31:19]} {[%emt 00:00:32]} 4. c4 {[%clk 01:31:31]} {[%emt 00:00:45]} e6
{[%clk 01:30:53]} {[%emt 00:00:57]} 5. b3 {[%clk 01:30:30]} {[%emt 00:01:31]}
c6 {[%clk 01:30:12]} {[%emt 00:01:11]} 6. Nbd2 {[%clk 01:29:34]} {[%emt
00:01:25]} Bd6 {[%clk 01:29:54]} {[%emt 00:00:48]} 7. c5 {[%clk 01:27:36]}
{[%emt 00:02:28]} Bc7 {[%clk 01:29:39]} {[%emt 00:00:46]} 8. b4 {[%clk
01:27:37]} {[%emt 00:00:30]} O-O {[%clk 01:22:39]} {[%emt 00:07:29]} 9. Bb2
{[%clk 01:27:37]} {[%emt 00:00:29]} Re8 {[%clk 01:19:54]} {[%emt 00:03:15]} 10.
a4 {[%clk 01:25:03]} {[%emt 00:03:05]} Nbd7 {[%clk 01:18:11]} {[%emt 00:02:12]}
11. Be2 {[%clk 01:16:29]} {[%emt 00:09:05]} e5 {[%clk 01:12:52]} {[%emt
00:05:49]} 12. dxe5 {[%clk 01:14:36]} {[%emt 00:02:22]} Nxe5 {[%clk 01:12:44]}
{[%emt 00:00:38]} 13. Nxe5 {[%clk 01:10:40]} {[%emt 00:04:26]} Bxe5 {[%clk
01:13:07]} {[%emt 00:00:07]} 14. Bxe5 {[%clk 01:10:55]} {[%emt 00:00:15]} Rxe5
{[%clk 01:13:22]} {[%emt 00:00:15]} 15. Nf3 {[%clk 01:11:17]} {[%emt 00:00:09]}
Re8 {[%clk 01:10:59]} {[%emt 00:02:52]} 16. Nd4 {[%clk 01:10:32]} {[%emt
00:01:15]} Bg6 {[%clk 01:08:18]} {[%emt 00:03:10]} 17. Qb3 {[%clk 01:07:17]}
{[%emt 00:03:46]} Ne4 {[%clk 01:05:14]} {[%emt 00:03:34]} 18. Nf3 {[%clk
01:03:59]} {[%emt 00:03:48]} Qf6 {[%clk 01:00:51]} {[%emt 00:04:54]} 19. O-O
{[%clk 01:01:19]} {[%emt 00:03:09]} Bh5 {[%clk 00:56:07]} {[%emt 00:05:15]} 20.
Rfe1 {[%clk 00:55:39]} {[%emt 00:06:08]} Nc3 {[%clk 00:41:15]} {[%emt
00:15:22]} 21. Bd1 {[%clk 00:49:07]} {[%emt 00:07:03]} Nxd1 {[%clk 00:37:22]}
{[%emt 00:04:22]} 22. Qxd1 {[%clk 00:49:23]} {[%emt 00:00:14]} Re5 {[%clk
00:33:59]} {[%emt 00:03:54]} 23. Ra3 {[%clk 00:44:05]} {[%emt 00:05:48]} Rae8
{[%clk 00:31:57]} {[%emt 00:02:32]} 24. Kf1 {[%clk 00:37:29]} {[%emt 00:07:06]}
Rf5 {[%clk 00:28:48]} {[%emt 00:03:39]} 25. Qd4 {[%clk 00:36:50]} {[%emt
00:01:09]} Rxf3 {[%clk 00:15:39]} {[%emt 00:13:39]} 26. Qd2 {[%clk 00:24:19]}
{[%emt 00:13:01]} Rf5 {[%clk 00:14:28]} {[%emt 00:01:41]} 27. Rd3 {[%clk
00:24:38]} {[%emt 00:00:11]} Rfe5 {[%clk 00:13:54]} {[%emt 00:01:04]} 28. Rd4
{[%clk 00:24:08]} {[%emt 00:01:00]} Re4 {[%clk 00:13:26]} {[%emt 00:00:58]} 29.
Rd3 {[%clk 00:23:41]} {[%emt 00:00:57]} Bg6 {[%clk 00:13:20]} {[%emt 00:00:35]}
30. Rb3 {[%clk 00:23:41]} {[%emt 00:00:30]} d4 {[%clk 00:12:51]} {[%emt
00:01:00]} 31. h3 {[%clk 00:22:58]} {[%emt 00:01:13]} dxe3 {[%clk 00:11:54]}
{[%emt 00:01:26]} 32. Rexe3 {[%clk 00:23:08]} {[%emt 00:00:20]} Rxe3 {[%clk
00:11:15]} {[%emt 00:01:10]} 33. Rxe3 {[%clk 00:23:33]} {[%emt 00:00:05]} Rxe3
{[%clk 00:09:41]} {[%emt 00:02:04]} 34. Qxe3 {[%clk 00:23:57]} {[%emt
00:00:05]} Qa1+ {[%clk 00:07:58]} {[%emt 00:02:13]} 35. Ke2 {[%clk 00:24:20]}
{[%emt 00:00:07]} Qa2+ {[%clk 00:07:18]} {[%emt 00:01:10]} 36. Kf3 {[%clk
00:24:14]} {[%emt 00:00:36]} Qd5+ {[%clk 00:07:15]} {[%emt 00:00:33]} 37. Kg3
{[%clk 00:23:20]} {[%emt 00:01:25]} Qd3 {[%clk 00:07:27]} {[%emt 00:00:18]} 38.
Kf3 {[%clk 00:23:24]} {[%emt 00:00:26]} Be4+ {[%clk 00:06:32]} {[%emt
00:01:25]} 39. Kf4 {[%clk 00:23:36]} {[%emt 00:00:17]} Qxe3+ {[%clk 00:06:27]}
{[%emt 00:00:36]} 40. Kxe3 {[%clk 00:23:44]} {[%emt 00:00:22]} Bxg2 {[%clk
00:06:12]} {[%emt 00:00:44]} 41. h4 {[%clk 00:24:11]} {[%emt 00:00:04]} Bd5
{[%clk 00:05:56]} {[%emt 00:00:46]} 42. Kd4 {[%clk 00:24:09]} {[%emt 00:00:32]}
Bb3 {[%clk 00:05:02]} {[%emt 00:01:24]} 43. a5 {[%clk 00:24:32]} {[%emt
00:00:07]} Bd5 {[%clk 00:04:57]} {[%emt 00:00:34]} 44. Ke5 {[%clk 00:24:36]}
{[%emt 00:00:27]} Bc4 {[%clk 00:30:09]} {[%emt 00:05:18]} 45. Kd6 {[%clk
00:53:47]} {[%emt 00:01:19]} Bb5 {[%clk 00:29:33]} {[%emt 00:01:05]} 46. Ke7
{[%clk 00:53:14]} {[%emt 00:01:03]} g6 {[%clk 00:25:29]} {[%emt 00:04:35]} 47.
Kf6 {[%clk 00:52:38]} {[%emt 00:01:06]} Kf8 {[%clk 00:25:40]} {[%emt 00:00:19]}
48. f3 {[%clk 00:51:35]} {[%emt 00:01:33]} Bc4 {[%clk 00:25:18]} {[%emt
00:00:51]} 49. f4 {[%clk 00:51:31]} {[%emt 00:00:34]} Bd3 {[%clk 00:25:18]}
{[%emt 00:00:30]} 50. Kg5 {[%clk 00:51:04]} {[%emt 00:00:58]} Kg7 {[%clk
00:25:22]} {[%emt 00:00:25]} 51. h5 {[%clk 00:50:53]} {[%emt 00:00:41]} gxh5
{[%clk 00:25:01]} {[%emt 00:00:51]} 52. Kxh5 {[%clk 00:51:14]} {[%emt
00:00:08]} Kf6 {[%clk 00:25:10]} {[%emt 00:00:22]} 53. Kg4 {[%clk 00:51:22]}
{[%emt 00:00:22]} Be2+ {[%clk 00:25:14]} {[%emt 00:00:26]} 54. Kg3 {[%clk
00:51:38]} {[%emt 00:00:14]} Kf5 {[%clk 00:25:38]} 0-1

[Event "DEM U14w 2025"]
[Site "Willingen GER"]
[Date "2025.06.10"]
[Round "4"]
[White "Tu, Audrey"]
[Black "Albrecht, Sidney Jenna"]
[Result "1-0"]
[Termination "normal"]
[Board "9"]
[WhiteElo "1753"]
[BlackElo "1504"]
[WhiteClock "00:04:01"]
[BlackClock "00:04:08"]
[PlyCount "77"]
[WhiteFideId "34628568"]
[BlackFideId "34660283"]
[EventCountry "GER"]
[EventRounds "9"]
[EventType "swiss"]
[EventDate "2025.06.07"]

1. e4 {[%clk 01:30:59]} c5 {[%clk 01:30:55]} {[%emt 00:00:06]} 2. Nf3 {[%clk
01:31:23]} {[%emt 00:00:06]} Nc6 {[%clk 01:31:16]} {[%emt 00:00:08]} 3. d4
{[%clk 01:31:49]} {[%emt 00:00:04]} cxd4 {[%clk 01:31:41]} {[%emt 00:00:06]} 4.
Nxd4 {[%clk 01:32:15]} {[%emt 00:00:04]} g6 {[%clk 01:32:03]} {[%emt 00:00:07]}
5. c4 {[%clk 01:32:41]} {[%emt 00:00:04]} Bg7 {[%clk 01:32:16]} {[%emt
00:00:17]} 6. Be3 {[%clk 01:33:00]} {[%emt 00:00:11]} Nf6 {[%clk 01:32:33]}
{[%emt 00:00:13]} 7. Nc3 {[%clk 01:33:19]} {[%emt 00:00:12]} O-O {[%clk
01:32:35]} {[%emt 00:00:28]} 8. Be2 {[%clk 01:30:09]} {[%emt 00:03:39]} d6
{[%clk 01:31:19]} {[%emt 00:01:46]} 9. f3 {[%clk 01:30:13]} {[%emt 00:00:26]}
Bd7 {[%clk 01:30:32]} {[%emt 00:01:18]} 10. Qd2 {[%clk 01:30:24]} {[%emt
00:00:20]} Nxd4 {[%clk 01:28:38]} {[%emt 00:02:23]} 11. Bxd4 {[%clk 01:30:45]}
{[%emt 00:00:09]} Bc6 {[%clk 01:28:07]} {[%emt 00:01:01]} 12. O-O-O {[%clk
01:30:04]} {[%emt 00:01:11]} a5 {[%clk 01:25:11]} {[%emt 00:03:26]} 13. h4
{[%clk 01:26:35]} {[%emt 00:03:58]} a4 {[%clk 01:14:32]} {[%emt 00:11:10]} 14.
h5 {[%clk 01:16:02]} {[%emt 00:11:03]} Qd7 {[%clk 01:04:08]} {[%emt 00:10:53]}
15. hxg6 {[%clk 01:08:55]} {[%emt 00:07:37]} fxg6 {[%clk 01:04:05]} {[%emt
00:00:33]} 16. Qg5 {[%clk 00:54:43]} {[%emt 00:14:39]} Qe6 {[%clk 00:46:50]}
{[%emt 00:17:49]} 17. Qh4 {[%clk 00:45:58]} {[%emt 00:09:15]} Rf7 {[%clk
00:41:41]} {[%emt 00:05:38]} 18. g4 {[%clk 00:33:32]} {[%emt 00:12:57]} Ra5
{[%clk 00:29:57]} {[%emt 00:12:14]} 19. Bb6 {[%clk 00:30:14]} {[%emt 00:03:48]}
Ra8 {[%clk 00:26:27]} {[%emt 00:04:00]} 20. Nd5 {[%clk 00:26:13]} {[%emt
00:04:31]} Bxd5 {[%clk 00:23:25]} {[%emt 00:03:32]} 21. cxd5 {[%clk 00:25:54]}
{[%emt 00:00:49]} Rc8+ {[%clk 00:21:39]} {[%emt 00:02:15]} 22. Kb1 {[%clk
00:25:13]} {[%emt 00:01:12]} Qe5 {[%clk 00:19:05]} {[%emt 00:03:04]} 23. Bd4
{[%clk 00:20:43]} {[%emt 00:05:01]} Qf4 {[%clk 00:18:21]} {[%emt 00:01:13]} 24.
Qh3 {[%clk 00:18:15]} {[%emt 00:02:57]} Ra8 {[%clk 00:14:11]} {[%emt 00:04:41]}
25. Bb5 {[%clk 00:14:12]} {[%emt 00:04:33]} Ra5 {[%clk 00:10:15]} {[%emt
00:04:26]} 26. Bd7 {[%clk 00:12:23]} {[%emt 00:02:20]} Bh8 {[%clk 00:05:05]}
{[%emt 00:05:38]} 27. Be6 {[%clk 00:11:25]} {[%emt 00:01:29]} Kf8 {[%clk
00:03:22]} {[%emt 00:02:13]} 28. Bxf7 {[%clk 00:08:11]} {[%emt 00:03:43]} Kxf7
{[%clk 00:03:44]} {[%emt 00:00:08]} 29. Bxf6 {[%clk 00:05:25]} {[%emt
00:03:17]} Qxf6 {[%clk 00:04:02]} {[%emt 00:00:12]} 30. Qg2 {[%clk 00:05:10]}
{[%emt 00:00:45]} Kg8 {[%clk 00:03:29]} {[%emt 00:01:03]} 31. Rc1 {[%clk
00:03:58]} {[%emt 00:01:42]} Ra8 {[%clk 00:02:58]} {[%emt 00:01:01]} 32. a3
{[%clk 00:02:56]} {[%emt 00:01:32]} b5 {[%clk 00:02:59]} {[%emt 00:00:29]} 33.
Rc2 {[%clk 00:02:40]} {[%emt 00:00:44]} Rb8 {[%clk 00:03:04]} {[%emt 00:00:26]}
34. Qh2 {[%clk 00:02:44]} {[%emt 00:00:26]} Qg7 {[%clk 00:03:17]} {[%emt
00:00:18]} 35. Rhc1 {[%clk 00:02:58]} {[%emt 00:00:14]} Kf7 {[%clk 00:03:09]}
{[%emt 00:00:40]} 36. Qf4+ {[%clk 00:02:47]} {[%emt 00:00:41]} Kg8 {[%clk
00:03:24]} {[%emt 00:00:14]} 37. Rc8+ {[%clk 00:03:10]} {[%emt 00:00:08]} Rxc8
{[%clk 00:03:46]} {[%emt 00:00:09]} 38. Rxc8+ {[%clk 00:03:36]} {[%emt
00:00:04]} Qf8 {[%clk 00:04:08]} {[%emt 00:00:07]} 39. Qxf8# {[%clk 00:04:01]}
{[%emt 00:00:05]} 1-0

[Event "DEM U14w 2025"]
[Site "Willingen GER"]
[Date "2025.06.10"]
[Round "4"]
[White "Fruth, Julia"]
[Black "Börner, Emma Charlotte"]
[Result "1-0"]
[Termination "normal"]
[Board "10"]
[WhiteElo "1659"]
[BlackElo "1655"]
[WhiteClock "00:16:18"]
[BlackClock "00:37:45"]
[PlyCount "67"]
[WhiteFideId "34603050"]
[BlackFideId "34637907"]
[EventCountry "GER"]
[EventRounds "9"]
[EventType "swiss"]
[EventDate "2025.06.07"]

1. e4 {[%clk 01:30:58]} {[%emt 00:00:01]} c5 {[%clk 01:30:53]} {[%emt
00:00:08]} 2. Nf3 {[%clk 01:31:22]} {[%emt 00:00:06]} Nc6 {[%clk 01:31:15]}
{[%emt 00:00:08]} 3. Bb5 {[%clk 01:31:47]} {[%emt 00:00:05]} d6 {[%clk
01:31:10]} {[%emt 00:00:35]} 4. O-O {[%clk 01:31:46]} {[%emt 00:00:31]} Bd7
{[%clk 01:31:28]} {[%emt 00:00:12]} 5. Re1 {[%clk 01:31:15]} {[%emt 00:01:00]}
e6 {[%clk 01:30:53]} {[%emt 00:01:06]} 6. c3 {[%clk 01:23:43]} {[%emt
00:08:02]} a6 {[%clk 01:28:52]} {[%emt 00:02:31]} 7. Bf1 {[%clk 01:21:38]}
{[%emt 00:02:35]} Nf6 {[%clk 01:27:35]} {[%emt 00:01:47]} 8. d4 {[%clk
01:14:00]} {[%emt 00:08:08]} cxd4 {[%clk 01:27:09]} {[%emt 00:00:56]} 9. cxd4
{[%clk 01:14:10]} {[%emt 00:00:20]} Be7 {[%clk 01:22:34]} {[%emt 00:05:05]} 10.
Nc3 {[%clk 01:11:03]} {[%emt 00:03:37]} O-O {[%clk 01:21:33]} {[%emt 00:01:31]}
11. Be3 {[%clk 01:04:14]} {[%emt 00:07:19]} b5 {[%clk 01:15:30]} {[%emt
00:06:33]} 12. a3 {[%clk 00:57:31]} {[%emt 00:07:13]} Qc7 {[%clk 01:10:46]}
{[%emt 00:05:13]} 13. Rc1 {[%clk 00:53:38]} {[%emt 00:04:24]} Rfc8 {[%clk
01:07:36]} {[%emt 00:03:41]} 14. d5 {[%clk 00:52:37]} {[%emt 00:01:30]} Ne5
{[%clk 01:06:44]} {[%emt 00:01:21]} 15. Nxe5 {[%clk 00:43:58]} {[%emt
00:09:10]} dxe5 {[%clk 01:06:55]} {[%emt 00:00:18]} 16. Nxb5 {[%clk 00:39:28]}
{[%emt 00:05:01]} Qb7 {[%clk 01:04:31]} {[%emt 00:02:53]} 17. Rxc8+ {[%clk
00:36:21]} {[%emt 00:03:38]} Bxc8 {[%clk 01:00:10]} {[%emt 00:04:52]} 18. d6
{[%clk 00:30:36]} {[%emt 00:06:15]} Bd8 {[%clk 00:58:04]} {[%emt 00:02:35]} 19.
Nc7 {[%clk 00:26:48]} {[%emt 00:04:19]} Bxc7 {[%clk 00:56:38]} {[%emt
00:01:55]} 20. dxc7 {[%clk 00:27:09]} {[%emt 00:00:09]} Qxc7 {[%clk 00:56:51]}
{[%emt 00:00:16]} 21. f3 {[%clk 00:25:46]} {[%emt 00:01:54]} Bb7 {[%clk
00:55:40]} {[%emt 00:01:40]} 22. Qb3 {[%clk 00:25:24]} {[%emt 00:00:53]} Rb8
{[%clk 00:48:15]} {[%emt 00:07:55]} 23. Rc1 {[%clk 00:22:02]} {[%emt 00:03:52]}
Qd7 {[%clk 00:42:19]} {[%emt 00:06:27]} 24. Bxa6 {[%clk 00:21:11]} {[%emt
00:01:21]} Ne8 {[%clk 00:39:35]} {[%emt 00:03:14]} 25. Ba7 {[%clk 00:16:18]}
{[%emt 00:05:21]} Ra8 {[%clk 00:39:21]} {[%emt 00:00:44]} 26. Qxb7 {[%clk
00:14:28]} {[%emt 00:02:21]} Rxa7 {[%clk 00:38:36]} {[%emt 00:01:14]} 27. Qxd7
{[%clk 00:14:52]} {[%emt 00:00:07]} Rxd7 {[%clk 00:38:27]} {[%emt 00:00:39]}
28. Rc8 {[%clk 00:14:55]} {[%emt 00:00:27]} Kf8 {[%clk 00:37:47]} {[%emt
00:01:09]} 29. Bb5 {[%clk 00:15:05]} {[%emt 00:00:21]} Re7 {[%clk 00:38:00]}
{[%emt 00:00:18]} 30. a4 {[%clk 00:14:46]} {[%emt 00:00:48]} f6 {[%clk
00:38:13]} {[%emt 00:00:16]} 31. a5 {[%clk 00:15:06]} {[%emt 00:00:11]} Kf7
{[%clk 00:37:51]} {[%emt 00:00:51]} 32. Bxe8+ {[%clk 00:15:28]} {[%emt
00:00:09]} Rxe8 {[%clk 00:37:20]} {[%emt 00:01:01]} 33. Rxe8 {[%clk 00:15:52]}
{[%emt 00:00:06]} Kxe8 {[%clk 00:37:45]} {[%emt 00:00:06]} 34. a6 {[%clk
00:16:18]} {[%emt 00:00:04]} 1-0

[Event "DEM U14w 2025"]
[Site "Willingen GER"]
[Date "2025.06.10"]
[Round "4"]
[White "Baklan, Kira"]
[Black "Bakó, Isabella"]
[Result "0-1"]
[Termination "normal"]
[Board "11"]
[WhiteElo "1548"]
[BlackElo "1654"]
[WhiteClock "00:25:02"]
[BlackClock "00:07:45"]
[PlyCount "58"]
[WhiteFideId "34186514"]
[BlackFideId "16287266"]
[EventCountry "GER"]
[EventRounds "9"]
[EventType "swiss"]
[EventDate "2025.06.07"]

1. e4 {[%clk 01:30:58]} {[%emt 00:00:02]} c5 {[%clk 01:30:53]} {[%emt
00:00:08]} 2. c3 {[%clk 01:31:21]} {[%emt 00:00:07]} d5 {[%clk 01:31:11]}
{[%emt 00:00:12]} 3. exd5 {[%clk 01:31:46]} {[%emt 00:00:04]} Qxd5 {[%clk
01:31:35]} {[%emt 00:00:06]} 4. d4 {[%clk 01:32:10]} {[%emt 00:00:06]} e6
{[%clk 01:31:35]} {[%emt 00:00:30]} 5. Nf3 {[%clk 01:32:17]} {[%emt 00:00:23]}
a6 {[%clk 01:31:47]} {[%emt 00:00:18]} 6. Be3 {[%clk 01:32:15]} {[%emt
00:00:31]} cxd4 {[%clk 01:31:46]} {[%emt 00:00:32]} 7. cxd4 {[%clk 01:30:18]}
{[%emt 00:02:27]} Nf6 {[%clk 01:29:15]} {[%emt 00:03:01]} 8. Nc3 {[%clk
01:30:25]} {[%emt 00:00:23]} Bb4 {[%clk 01:16:42]} {[%emt 00:13:04]} 9. a3
{[%clk 01:28:09]} {[%emt 00:02:46]} Bxc3+ {[%clk 01:16:55]} {[%emt 00:00:16]}
10. bxc3 {[%clk 01:28:32]} {[%emt 00:00:08]} b5 {[%clk 01:11:47]} {[%emt
00:05:38]} 11. Bd3 {[%clk 01:25:27]} {[%emt 00:03:34]} Bb7 {[%clk 01:04:55]}
{[%emt 00:07:22]} 12. Qc2 {[%clk 01:17:12]} {[%emt 00:08:45]} Nbd7 {[%clk
01:01:57]} {[%emt 00:03:28]} 13. O-O {[%clk 01:10:18]} {[%emt 00:07:24]} O-O
{[%clk 00:48:46]} {[%emt 00:13:41]} 14. Kh1 {[%clk 01:08:08]} {[%emt 00:02:38]}
Rfc8 {[%clk 00:46:14]} {[%emt 00:03:04]} 15. Rg1 {[%clk 01:06:02]} {[%emt
00:02:36]} Qh5 {[%clk 00:40:33]} {[%emt 00:06:10]} 16. Be2 {[%clk 01:02:47]}
{[%emt 00:03:46]} Ng4 {[%clk 00:37:22]} {[%emt 00:03:41]} 17. h3 {[%clk
01:02:09]} {[%emt 00:01:07]} Ndf6 {[%clk 00:35:57]} {[%emt 00:01:55]} 18. Nh2
{[%clk 01:00:48]} {[%emt 00:01:52]} Qxh3 {[%clk 00:31:04]} {[%emt 00:05:22]}
19. Bxg4 {[%clk 00:54:54]} {[%emt 00:06:24]} Nxg4 {[%clk 00:31:14]} {[%emt
00:00:21]} 20. Bf4 {[%clk 00:55:07]} {[%emt 00:00:17]} Nxh2 {[%clk 00:24:25]}
{[%emt 00:07:19]} 21. Bxh2 {[%clk 00:52:42]} {[%emt 00:02:55]} Rxc3 {[%clk
00:22:41]} {[%emt 00:02:14]} 22. Qd2 {[%clk 00:46:55]} {[%emt 00:06:16]} Rac8
{[%clk 00:18:49]} {[%emt 00:04:23]} 23. Qg5 {[%clk 00:41:16]} {[%emt 00:06:09]}
f6 {[%clk 00:15:19]} {[%emt 00:04:01]} 24. Qf4 {[%clk 00:36:20]} {[%emt
00:05:25]} Qh5 {[%clk 00:11:40]} {[%emt 00:04:09]} 25. Rae1 {[%clk 00:32:27]}
{[%emt 00:04:22]} Bd5 {[%clk 00:10:33]} {[%emt 00:01:38]} 26. Re3 {[%clk
00:27:53]} {[%emt 00:05:04]} Rc1 {[%clk 00:08:57]} {[%emt 00:02:05]} 27. Rh3
{[%clk 00:27:24]} {[%emt 00:00:59]} Qxh3 {[%clk 00:07:31]} {[%emt 00:01:56]}
28. f3 {[%clk 00:24:40]} {[%emt 00:03:14]} Rxg1+ {[%clk 00:07:38]} {[%emt
00:00:23]} 29. Kxg1 {[%clk 00:25:02]} {[%emt 00:00:08]} Qf5 {[%clk 00:07:45]}
{[%emt 00:00:24]} 0-1

[Event "DEM U14w 2025"]
[Site "Willingen GER"]
[Date "2025.06.10"]
[Round "4"]
[White "Briese, Sophie"]
[Black "Fettan, Nua"]
[Result "1/2-1/2"]
[Termination "normal"]
[Board "12"]
[WhiteElo "1499"]
[BlackElo "1576"]
[WhiteClock "00:30:14"]
[BlackClock "00:21:28"]
[PlyCount "41"]
[WhiteFideId "34660305"]
[BlackFideId "34637362"]
[EventCountry "GER"]
[EventRounds "9"]
[EventType "swiss"]
[EventDate "2025.06.07"]

1. e4 {[%clk 01:30:57]} {[%emt 00:00:02]} e5 {[%clk 01:30:50]} {[%emt
00:00:11]} 2. Nf3 {[%clk 01:31:18]} {[%emt 00:00:09]} Nc6 {[%clk 01:31:14]}
{[%emt 00:00:06]} 3. Bc4 {[%clk 01:31:38]} {[%emt 00:00:10]} Nf6 {[%clk
01:31:39]} {[%emt 00:00:05]} 4. d4 {[%clk 01:31:53]} {[%emt 00:00:15]} d6
{[%clk 01:29:37]} {[%emt 00:02:32]} 5. d5 {[%clk 01:30:10]} {[%emt 00:02:12]}
Ne7 {[%clk 01:28:45]} {[%emt 00:01:23]} 6. Nc3 {[%clk 01:28:39]} {[%emt
00:02:00]} Ng6 {[%clk 01:27:17]} {[%emt 00:01:59]} 7. h3 {[%clk 01:23:03]}
{[%emt 00:06:05]} Bd7 {[%clk 01:22:03]} {[%emt 00:05:44]} 8. Be3 {[%clk
01:19:29]} {[%emt 00:04:05]} Be7 {[%clk 01:15:42]} {[%emt 00:06:51]} 9. Qd3
{[%clk 01:06:13]} {[%emt 00:13:45]} a6 {[%clk 01:06:06]} {[%emt 00:10:07]} 10.
a4 {[%clk 00:57:07]} {[%emt 00:09:36]} c5 {[%clk 00:58:06]} {[%emt 00:08:29]}
11. dxc6 {[%clk 00:54:33]} {[%emt 00:03:05]} Bxc6 {[%clk 00:56:00]} {[%emt
00:02:35]} 12. Nd5 {[%clk 00:52:13]} {[%emt 00:02:50]} O-O {[%clk 00:39:44]}
{[%emt 00:16:45]} 13. O-O {[%clk 00:46:17]} {[%emt 00:06:26]} Bxd5 {[%clk
00:34:42]} {[%emt 00:05:33]} 14. Bxd5 {[%clk 00:46:12]} {[%emt 00:00:34]} Nxd5
{[%clk 00:33:27]} {[%emt 00:01:46]} 15. Qxd5 {[%clk 00:46:18]} {[%emt
00:00:23]} Qc7 {[%clk 00:29:09]} {[%emt 00:04:49]} 16. c3 {[%clk 00:42:50]}
{[%emt 00:03:57]} Rac8 {[%clk 00:28:52]} {[%emt 00:00:48]} 17. Rad1 {[%clk
00:42:05]} {[%emt 00:01:15]} Qc6 {[%clk 00:27:53]} {[%emt 00:01:29]} 18. a5
{[%clk 00:39:35]} {[%emt 00:03:01]} Rfe8 {[%clk 00:25:00]} {[%emt 00:03:23]}
19. Rd2 {[%clk 00:37:24]} {[%emt 00:02:37]} Bf8 {[%clk 00:22:34]} {[%emt
00:02:59]} 20. Rfd1 {[%clk 00:35:25]} {[%emt 00:02:28]} Re6 {[%clk 00:21:28]}
{[%emt 00:01:37]} 21. Ng5 {[%clk 00:30:14]} {[%emt 00:05:40]} 1/2-1/2